000 00639nam a22001577a 4500
008 110427t xxu||||| |||| 00| 0 eng d
082 _a347.0504 KIA
100 _aKiapi, Paul Palia.
_91928
245 _aThe Criminal Lawyers' Handbook :
_cPaul Palia Kiapi /
260 _c1997.
300 _av 1. xvii, 155p.;
_c30 cm.
362 _a1999.
942 _2ddc
_cBK
999 _c676
_d676